Healthcare supply chain management: (Record no. 20713)
[ view plain ]
| 000 -LEADER | |
|---|---|
| fixed length control field | 00716nam a22002297a 4500 |
| 003 - CONTROL NUMBER IDENTIFIER | |
| control field | OSt |
| 005 - DATE AND TIME OF LATEST TRANSACTION | |
| control field | 20250610095825.0 |
| 008 - FIXED-LENGTH DATA ELEMENTS--GENERAL INFORMATION | |
| fixed length control field | 250610b |||||||| |||| 00| 0 eng d |
| 020 ## - INTERNATIONAL STANDARD BOOK NUMBER | |
| International Standard Book Number | 9781637423479 |
| 040 ## - CATALOGING SOURCE | |
| Original cataloging agency | KABU |
| Transcribing agency | KABU |
| 050 ## - LIBRARY OF CONGRESS CALL NUMBER | |
| Classification number | HD9994 |
| Item number | .M56 2014 |
| 100 ## - MAIN ENTRY--PERSONAL NAME | |
| Personal name | Min, Hokey |
| 245 ## - TITLE STATEMENT | |
| Title | Healthcare supply chain management: |
| Remainder of title | basic concepts and principles / |
| Statement of responsibility, etc. | Hockey Min |
| 260 ## - PUBLICATION, DISTRIBUTION, ETC. (IMPRINT) | |
| Place of publication, distribution, etc. | New York: |
| Name of publisher, distributor, etc. | Business Expert Press, |
| Date of publication, distribution, etc. | 2014 |
| 300 ## - PHYSICAL DESCRIPTION | |
| Extent | xii, 140p. : ill. |
| 440 ## - SERIES STATEMENT/ADDED ENTRY--TITLE | |
| Title | Healthcare management collection |
| 504 ## - BIBLIOGRAPHY, ETC. NOTE | |
| Bibliography, etc | Includes Bibliographical references and index |
| 650 ## - SUBJECT ADDED ENTRY--TOPICAL TERM | |
| Topical term or geographic name as entry element | Supply chain management |
| 800 ## - SERIES ADDED ENTRY--PERSONAL NAME | |
| Personal name | Dilts, David |
| Relator term | Editor |
| 800 ## - SERIES ADDED ENTRY--PERSONAL NAME | |
| Personal name | Fredendall, Lawrence |
| Relator term | Editor |
| 942 ## - ADDED ENTRY ELEMENTS (KOHA) | |
| Source of classification or shelving scheme | Library of Congress Classification |
| Koha item type | General Collection |
| Withdrawn status | Lost status | Source of classification or shelving scheme | Not for loan | Home library | Current library | Date acquired | Cost, normal purchase price | Inventory number | Total Checkouts | Full call number | Barcode | Date last seen | Copy number | Price effective from | Koha item type |
|---|---|---|---|---|---|---|---|---|---|---|---|---|---|---|---|
| Library of Congress Classification | Kabarak, Main Campus | Kabarak, Main Campus | 10/06/2025 | 6029.00 | 2025/2096 | HD9994 .M56 2014 C.4 | 33773 | 10/06/2025 | C.4 | 10/06/2025 | General Collection | ||||
| Library of Congress Classification | Kabarak, Main Campus | Kabarak, Main Campus | 10/06/2025 | 6029.00 | 2025/2099 | HD9994 .M56 2014 C.2 | 33795 | 10/06/2025 | C.2 | 10/06/2025 | General Collection | ||||
| Library of Congress Classification | Kabarak, Main Campus | Kabarak, Main Campus | 10/06/2025 | 6029.00 | 2025/2097 | HD9994 .M56 2014 C.3 | 33777 | 10/06/2025 | C.3 | 10/06/2025 | General Collection | ||||
| Library of Congress Classification | Kabarak, Main Campus | Kabarak, Main Campus | 10/06/2025 | 6029.00 | 2025/2096 | HD9994 .M56 2014 C.1 | 33779 | 10/06/2025 | C.1 | 10/06/2025 | General Collection |